00543nam a2200193 a 4500001001300000003000900013005001700022008004100039020001000080082001800090100001800108245005100126260002900177300000900206500003500215505005800250650002300308700001800331nice12345678IN_TiNIC20260116011330.0050524s1961 leia grp 000 0 eng  ac10000a297.1227bBAL aBaljon, J M S aModern Muslim Koran Interpretation (1880-1960) aLeidenbE.J. Brillc1961 a135p aincludes index and biblioraphy2 athe oriental and religious publishing corporation ltd aQuran-Hermeneutics1 aBaljon, J M S